LEADER 01266nam a2200289 i 4500 001 000000134329 003 CaOOAMICUS 005 20210322160746.0 008 050201s1974 it u000 u ita u 013 $a107497 040 $aSeMil$bita 100 1 $aSpadolini, Giovanni <1925-1994>.$0(OLS)http://semarc/name/3766 245 13$aLe due Rome :$bChiesa e Stato fra ' 800 e ' 900 /$cGiovanni Spadolini. 250 $a2. Ed. 260 $aFirenze :$bLe Monnier,$c1974. 300 $aXXV, 554 p., 96 tavole fuori testo ;$c21 cm. 490 0 $aQuaderni di storia ;$v26. 541 0 $aFondo Card. C.M. Martini (3U V 387) 650 4$aChiesa e Stato - Italia - Sec. 19.-20.$0(OLS)http://semarc/subject/6571 830 0$aQuaderni di storia ;$v26.$0(OLS)http://semarc/title/17110 850 $aSeMil 852 $aSeMil$W1$xVenegono$y1$m3U V 387$j88088$B88088$CSeMilBibl$Z2$F92317 $8I 941 1 $a4 961 $aOmaggio Martini Card. Carlo Maria. -- Con dedica autografa dell'autore (Giovanni Spadolini) al card. C.M. Martini (18 dicembre 1980) 996 $6245$aLe due Rome :$bChiesa e Stato fra ' 800 e ' 900$9(OLS)http://semarc/title/196538 996 $6260$aFirenze :$bLe Monnier$9(OLS)http://semarc/publisher/30060 LEADER 01329nam a2200301 i 4500 001 000000257019 003 CaOOAMICUS 005 20180125000000.0 008 180125s1992 it u000 u ita u 013 $a235927 020 $a88-308-0495-9 040 $aSeMil$bita 100 1 $aMilitello, Cettina,$d<1945- >.$0(OLS)http://semarc/name/4199 245 10$aDonna in questione :$bun itinerario ecclesiale di ricerca /$cCettina Militello ; prefazione di Piersandro Vanzan. 260 $aAssisi :$bCittadella,$c1992. 300 $a299 p. ;$c21 cm. 490 0 $aTeologia/Saggi 650 4$aDiaconato - Donna.$0(OLS)http://semarc/subject/8666 650 4$aFemminile .$0(OLS)http://semarc/subject/9597 650 4$aDonna - Chiesa.$0(OLS)http://semarc/subject/34925 700 1 $aVanzan, Piersandro .$0(OLS)http://semarc/name/89123 830 0$aTeologia/Saggi.$0(OLS)http://semarc/title/8743 850 $aSeMil 852 $aSeMil$W1$xVenegono$y1$m2D II 531$j238853$B207365$CSeMilBibl$Z2$F221010 $81 961 $aAcquisto: Cittadella Editrice 996 $6020$a88-308-0495-9$9(OLS)http://semarc/number/281595 996 $6245$aDonna in questione :$bun itinerario ecclesiale di ricerca$9(OLS)http://semarc/title/412598 996 $6260$aAssisi :$bCittadella$9(OLS)http://semarc/publisher/29661